A vendéglátóipari rendezvények piaci pozíciója, gazdálkodásának elemzése a Duna-Parteam Kft. példáján keresztül

Bibliográfiai részletek
Szerző: Piókerné Szentpáli Mónika
További közreműködők: Debreceni János
Dokumentumtípus: Diplomadolgozat
Kulcsszavak:Duna-Parteam Kft.
rendezvények
rendezvény elemzés
Online Access:http://dolgozattar.uni-bge.hu/15396

MARC

LEADER 00000nta a2200000 i 4500
001 dolg15396
005 20180731143531.0
008 180509suuuu hu om 000 hun d
040 |a BGE Dolgozattár Repozitórium  |b hun 
041 |a hu 
100 1 |a Piókerné Szentpáli Mónika 
245 1 2 |a A vendéglátóipari rendezvények piaci pozíciója, gazdálkodásának elemzése a Duna-Parteam Kft. példáján keresztül  |c Piókerné Szentpáli Mónika  |h [elektronikus dokumentum] 
246 1 1 |a A vendéglátóipari rendezvények piaci pozíciója, gazdálkodásának elemzése a Duna-Parteam Kft. példáján keresztül 
695 |a Duna-Parteam Kft. 
695 |a rendezvények 
695 |a rendezvény elemzés 
700 1 |a Debreceni János  |e ths 
856 4 0 |u http://dolgozattar.uni-bge.hu/15396/1/Pi%C3%B3kern%C3%A9%20Szentp%C3%A1li%20M%C3%B3nika%20szakdolgozat.pdf  |z Dokumentum-elérés 
856 4 0 |u http://dolgozattar.uni-bge.hu/15396/2/titok.pdf  |z Dokumentum-elérés